[Event "Kosice Kotan Memorial"]
[Site "Kosice"]
[Date "2018.07.21"]
[Round "1"]
[White "Hovan, Jozef"]
[Black "Danada, Tomas"]
[Result "0-1"]
[WhiteElo "1705"]
[BlackElo "2257"]
[PlyCount "52"]
[EventDate "2018.07.21"]
[EventType "swiss"]
[EventRounds "9"]
[EventCountry "SVK"]
[SourceTitle "CBM 185 Extra"]
[Source "ChessBase"]
[SourceDate "2018.07.29"]
[SourceVersion "1"]
[SourceVersionDate "2018.07.29"]
[SourceQuality "1"]

1. d4 Nf6 2. Nf3 e6 3. c4 Bb4+ 4. Bd2 a5 5. a3 Bxd2+ 6. Nfxd2 0-0 7. Nc3 e5 8. dxe5 Ng4 9. Nf3 Nc6 10. e3 Re8 11. Be2 Ncxe5 12. Nd4 Qh4 13. g3 Qh3 14. Bf1 Qh6 15. h4 Nxe3 16. fxe3 Qxe3+ 17. Be2 Nd3+ 18. Qxd3 Qxd3 19. Rd1 Qxg3+ 20. Kd2 c5 21. Ndb5 Ra6 22. Kc2 d5 23. Rxd5 Bg4 24. Rhd1 Bxe2 25. Nxe2 Rxe2+ 26. Kb1 h6 0-1

[Event "Tatry op"]
[Site "Tatranske Zruby"]
[Date "2013.10.06"]
[Round "9"]
[White "Hovan, Jozef"]
[Black "Paniez, Fabien"]
[Result "0-1"]
[WhiteElo "1753"]
[BlackElo "1000"]
[PlyCount "95"]
[EventDate "2013.09.29"]
[EventType "swiss"]
[EventRounds "9"]
[EventCountry "SVK"]
[SourceTitle "EXT 2023"]
[Source "ChessBase"]
[SourceDate "2022.10.05"]
[SourceVersion "1"]
[SourceVersionDate "2022.10.05"]
[SourceQuality "1"]

1. d4 d5 2. Nf3 e6 3. c4 c6 4. Nc3 Bb4 5. cxd5 Bxc3+ 6. bxc3 exd5 7. e3 Bg4 8. Bd3 Nf6 9. Ba3 Nbd7 10. h3 Bh5 11. g4 Bg6 12. g5 Ne4 13. h4 Nxc3 14. Qc2 Qa5 15. Bc1 Bxd3 16. Qxd3 Ne4+ 17. Bd2 Nxd2 18. Nxd2 0-0-0 19. 0-0 h6 20. g6 fxg6 21. Nb3 Qc7 22. Qxg6 Rdf8 23. Rac1 Qd8 24. Rxc6+ bxc6 25. Qxc6+ Kb8 26. Nc5 Nxc5 27. Rb1+ Qb6 28. Rxb6+ axb6 29. Qxb6+ Nb7 30. a4 Rf6 31. Qb5 Rhf8 32. f4 Ka7 33. Qxd5 Rb6 34. Kf2 Ra6 35. Qd7 g6 36. Qg7 Rc8 37. Qxh6 Rac6 38. h5 gxh5 39. Qxh5 Rb6 40. Qe2 Rh6 41. Qb5 Rb6 42. Qd3 Ra6 43. Qa3 Nd6 44. Ke2 Nb7 45. Kd3 Rh6 46. Qe7 Rcc6 47. Qd7 Rcd6 48. Kc4 0-1

[Event "Tatry op"]
[Site "Tatranske Zruby"]
[Date "2013.10.01"]
[Round "3"]
[White "Hatala, Peter"]
[Black "Hovan, Jozef"]
[Result "0-1"]
[WhiteElo "1572"]
[BlackElo "1753"]
[PlyCount "80"]
[EventDate "2013.09.29"]
[EventType "swiss"]
[EventRounds "9"]
[EventCountry "SVK"]
[SourceTitle "EXT 2023"]
[Source "ChessBase"]
[SourceDate "2022.10.05"]
[SourceVersion "1"]
[SourceVersionDate "2022.10.05"]
[SourceQuality "1"]

1. e4 c5 2. Nf3 Nc6 3. Bc4 d6 4. h3 Nf6 5. d3 e6 6. 0-0 a6 7. a4 Be7 8. Re1 Qc7 9. Bg5 e5 10. Bd2 0-0 11. Nc3 Bd7 12. Ne2 Rac8 13. Ng3 Nd4 14. c3 Nxf3+ 15. Qxf3 b5 16. axb5 axb5 17. Bb3 c4 18. dxc4 bxc4 19. Bc2 Rb8 20. Reb1 Be6 21. Be3 Ra8 22. Nf5 Rfb8 23. Nxe7+ Qxe7 24. Rxa8 Rxa8 25. Bg5 h6 26. Bxf6 gxf6 27. Qe3 Kh7 28. f4 Ra2 29. f5 Bc8 30. g4 Qb7 31. Qc1 Qa7+ 32. Kg2 Bb7 33. h4 Qa8 34. Qe3 Ra1 35. g5 Rxb1 36. Bxb1 Qa2 37. Bc2 Qxb2 38. gxf6 Qxc2+ 39. Kh3 Bxe4 40. Qg3 Bxf5+ 0-1

[Event "SVK-chT2D 1213"]
[Site "Slovakia"]
[Date "2013.02.17"]
[Round "9.8"]
[White "Hovan, Jozef"]
[Black "Macejko, Miroslav"]
[Result "1-0"]
[WhiteElo "1815"]
[BlackElo "1684"]
[PlyCount "121"]
[EventDate "2012.10.13"]
[EventType "team-tourn"]
[EventRounds "11"]
[EventCountry "SVK"]
[SourceTitle "EXT 2015"]
[Source "ChessBase"]
[SourceDate "2014.11.20"]
[SourceVersion "1"]
[SourceVersionDate "2014.11.20"]
[SourceQuality "1"]
[WhiteTeam "Kosice Slavia TU IV"]
[BlackTeam "Prakovce"]
[WhiteTeamCountry "SVK"]
[BlackTeamCountry "SVK"]

1. d4 d5 2. Nf3 h6 3. Bf4 e6 4. e3 a6 5. Bd3 Be7 6. 0-0 Nf6 7. h3 Nbd7 8. c4 dxc4 9. Bxc4 b5 10. Bd3 Bb7 11. Nbd2 0-0 12. Qe2 c5 13. b3 cxd4 14. exd4 Rc8 15. Rac1 Qb6 16. Ne4 Nd5 17. Bd2 Bf6 18. Nxf6+ N5xf6 19. Bc3 Bd5 20. Ne5 Qb7 21. f3 Nxe5 22. dxe5 Nd7 23. Bb4 Rfe8 24. Rfe1 Rxc1 25. Rxc1 Rc8 26. Re1 Qc7 27. Ba3 Qb6+ 28. Qf2 Qxf2+ 29. Kxf2 Rc3 30. Re3 Nxe5 31. Bh7+ Kxh7 32. Rxc3 a5 33. Bd6 Nc6 34. f4 f5 35. g4 g6 36. gxf5 gxf5 37. Rg3 a4 38. bxa4 bxa4 39. Ra3 Nd4 40. Rxa4 Nb5 41. Be5 Kg6 42. Ra5 Bc4 43. Kg3 Kh7 44. Ra8 Bd5 45. Rh8+ Kg6 46. a4 Na7 47. Kh4 Nc6 48. Bc3 Ne7 49. Rf8 Nc6 50. a5 Kh7 51. a6 e5 52. fxe5 Ne7 53. Rd8 Ng6+ 54. Kg3 f4+ 55. Kf2 Be4 56. a7 Nh4 57. a8Q Bxa8 58. Rxa8 Kg6 59. Rf8 Nf5 60. e6 Ne7 61. Bb4 1-0

[Event "Tatry op"]
[Site "Tatranske Zruby"]
[Date "2012.09.25"]
[Round "3"]
[White "Mackova, Veronika"]
[Black "Hovan, Jozef"]
[Result "1/2-1/2"]
[WhiteElo "1643"]
[BlackElo "1815"]
[PlyCount "95"]
[EventDate "2012.09.23"]
[EventType "swiss"]
[EventRounds "9"]
[EventCountry "SVK"]
[SourceTitle "EXT 2023"]
[Source "ChessBase"]
[SourceDate "2022.10.05"]
[SourceVersion "1"]
[SourceVersionDate "2022.10.05"]
[SourceQuality "1"]

1. c4 e5 2. Nc3 Nf6 3. g3 c6 4. d4 exd4 5. Qxd4 Be7 6. Bg2 0-0 7. Nh3 d6 8. Nf4 Na6 9. 0-0 Qc7 10. b3 Bd7 11. Bb2 Nb4 12. Rac1 c5 13. Ncd5 cxd4 14. Nxc7 Rac8 15. Nfd5 Nc6 16. Nxe7+ Nxe7 17. Nb5 Bxb5 18. cxb5 d5 19. Bxd4 Nd7 20. Bh3 f5 21. g4 g6 22. gxf5 Nxf5 23. Bxf5 gxf5 24. Kh1 Kf7 25. Rg1 Nf6 26. f3 Rg8 27. Be3 Rxg1+ 28. Kxg1 Rxc1+ 29. Bxc1 Ke6 30. Be3 b6 31. Bd4 Nd7 32. b4 f4 33. Kf2 Kf5 34. a4 h5 35. h3 Ke6 36. e3 Ne5 37. Ke2 Kf5 38. Bxb6 axb6 39. a5 bxa5 40. bxa5 Nd7 41. h4 Ke5 42. b6 Nb8 43. Kd3 fxe3 44. Kxe3 d4+ 45. Kd3 Kf4 46. Kxd4 Nc6+ 47. Kc5 Nxa5 48. Kb5 1/2-1/2

[Event "SVK-chT2D 1112"]
[Site "Slovakia"]
[Date "2012.01.28"]
[Round "8.3"]
[White "Vrabel, Michal"]
[Black "Hovan, Jozef"]
[Result "1-0"]
[WhiteElo "1977"]
[BlackElo "1841"]
[PlyCount "65"]
[EventDate "2011.10.08"]
[EventType "team-tourn"]
[EventRounds "11"]
[EventCountry "SVK"]
[SourceTitle "EXT 2013"]
[Source "ChessBase"]
[SourceDate "2012.11.22"]
[SourceVersion "1"]
[SourceVersionDate "2012.11.22"]
[SourceQuality "1"]
[WhiteTeam "Presov Slavia PU"]
[BlackTeam "Kosice Slavia TU"]
[WhiteTeamCountry "SVK"]
[BlackTeamCountry "SVK"]

1. Nf3 Nf6 2. c4 e6 3. g3 b6 4. Bg2 Bb7 5. 0-0 Be7 6. d4 d5 7. Qc2 Nbd7 8. Nbd2 0-0 9. b3 c5 10. Bb2 h6 11. e3 Rc8 12. Rac1 Re8 13. Rfd1 Qc7 14. Qb1 Qb8 15. cxd5 exd5 16. Bh3 Rcd8 17. Nh4 Ne4 18. Nxe4 Bxh4 19. Nc3 Be7 20. dxc5 Nxc5 21. Bg2 Qa8 22. Nb5 Rc8 23. Bh3 Ne6 24. Bxe6 fxe6 25. Qg6 Bf8 26. Nc7 Qb8 27. Nxe8 Rxe8 28. Be5 Qd8 29. Rc7 Re7 30. Rdc1 Ba6 31. Rxe7 Qxe7 32. Rc7 Qg5 33. Qxe6+ 1-0

[Event "Kosice Kotan Memorial 3rd"]
[Site "Kosice"]
[Date "2011.06.25"]
[Round "1"]
[White "Hovan, Jozef"]
[Black "Odnorozhenko, Evgenyi"]
[Result "0-1"]
[WhiteElo "1850"]
[BlackElo "2319"]
[PlyCount "100"]
[EventDate "2011.06.25"]
[EventType "swiss"]
[EventRounds "9"]
[EventCountry "SVK"]
[SourceTitle "EXT 2012"]
[Source "ChessBase"]
[SourceDate "2011.11.24"]
[SourceVersion "1"]
[SourceVersionDate "2011.11.24"]
[SourceQuality "1"]

1. d4 Nf6 2. c4 e6 3. Nf3 b6 4. e3 Bb7 5. Be2 d5 6. 0-0 Bd6 7. Nc3 a6 8. Ne5 0-0 9. f4 c5 10. a3 cxd4 11. exd4 Nc6 12. Be3 Ne7 13. Rc1 dxc4 14. Bxc4 b5 15. Bd3 Bc7 16. Qd2 Bb6 17. Be2 Nf5 18. Rcd1 Nh4 19. Bf3 Nxf3+ 20. Nxf3 Ne4 21. Qd3 Nxc3 22. Qxc3 Qd5 23. Qd2 Rfc8 24. Rc1 f6 25. Qf2 Qb3 26. Qd2 Rxc1 27. Rxc1 Bxf3 28. gxf3 Qd5 29. Qf2 Rd8 30. Kg2 Bxd4 31. Rd1 e5 32. fxe5 fxe5 33. Qh4 Rf8 34. Qg4 Qb3 35. Rxd4 exd4 36. Bxd4 Qc2+ 37. Kg3 Qc7+ 38. Kg2 Qc2+ 39. Kg3 Qg6 40. h3 Qxg4+ 41. hxg4 g6 42. g5 Re8 43. Kf2 Kf7 44. Be3 Ke6 45. Ke2 Kf5 46. f4 Ke4 47. Bd2 Rf8 48. Kf2 Rxf4+ 49. Kg3 Rf3+ 50. Kg4 Rd3 0-1

[Event "SVK-ch Seniors-A"]
[Site "Tatranske Matliare"]
[Date "2011.05.??"]
[Round "9"]
[White "Sopko, Rudolf"]
[Black "Hovan, Jozef"]
[Result "1-0"]
[WhiteElo "1922"]
[BlackElo "1850"]
[PlyCount "127"]
[EventDate "2011.05.27"]
[EventType "swiss"]
[EventRounds "9"]
[EventCountry "SVK"]
[SourceTitle "EXT 2023"]
[Source "ChessBase"]
[SourceDate "2022.10.05"]
[SourceVersion "1"]
[SourceVersionDate "2022.10.05"]
[SourceQuality "1"]

1. e4 c5 2. Nf3 Nc6 3. d4 cxd4 4. Nxd4 d6 5. Nc3 Nf6 6. Be2 g6 7. Be3 Bg7 8. Qd2 0-0 9. 0-0-0 Nxd4 10. Bxd4 Be6 11. Kb1 Qa5 12. Nd5 Qxd2 13. Nxe7+ Kh8 14. Rxd2 Rfe8 15. Bxf6 Bxf6 16. Nd5 Bg5 17. Rd4 Rac8 18. h4 Bd8 19. Rc4 Ba5 20. Rxc8 Rxc8 21. Rd1 Bxd5 22. Rxd5 Bc7 23. h5 Kg7 24. b3 Re8 25. hxg6 hxg6 26. Bd3 Re5 27. Rd4 Rh5 28. Bc4 Rh2 29. g4 Rxf2 30. Rd3 Kf6 31. Bd5 b6 32. b4 Ke7 33. a4 a5 34. bxa5 bxa5 35. Kb2 f6 36. Kb3 Bb6 37. Rc3 Bc5 38. Rd3 Bb4 39. c3 Bc5 40. Kc4 Bb6 41. Bc6 g5 42. Kd5 Bc7 43. Bb5 Bb6 44. Kc6 Bc5 45. Kb7 Re2 46. Ka6 Re3 47. Kxa5 Rxd3 48. Bxd3 Ke6 49. Kb5 Ke5 50. Bc4 Kxe4 51. Be6 Kf4 52. Bf5 Ke3 53. a5 Kd2 54. Kc4 Kc1 55. Kd5 Kd2 56. c4 Ke2 57. a6 Kd2 58. Kc6 Kc3 59. Be6 Kd4 60. Kb7 Ke5 61. Bf5 d5 62. cxd5 Kxd5 63. a7 Bxa7 64. Kxa7 1-0

[Event "SVK-chT2D 10/11"]
[Site "Slovakia"]
[Date "2011.03.27"]
[Round "11.2"]
[White "Hovan, Jozef"]
[Black "Istona, Martin"]
[Result "1/2-1/2"]
[WhiteElo "1902"]
[BlackElo "1905"]
[PlyCount "102"]
[EventDate "2010.10.23"]
[EventType "team-tourn"]
[EventRounds "11"]
[EventCountry "SVK"]
[SourceTitle "EXT 2019"]
[Source "ChessBase"]
[SourceDate "2018.10.10"]
[SourceVersion "1"]
[SourceVersionDate "2018.10.10"]
[SourceQuality "1"]
[WhiteTeam "Kosice Slavia TU V"]
[BlackTeam "Sabinov II"]
[WhiteTeamCountry "SVK"]
[BlackTeamCountry "SVK"]

1. d4 Nf6 2. c4 g6 3. Nc3 Bg7 4. Nf3 0-0 5. e4 d6 6. Be2 e5 7. d5 a5 8. h3 Na6 9. Be3 Nc5 10. Nd2 Ne8 11. g4 f5 12. gxf5 gxf5 13. f3 Qh4+ 14. Bf2 Qf4 15. Qc2 Bh6 16. Nf1 fxe4 17. Nxe4 Nxe4 18. Qxe4 Bf5 19. Qxf4 exf4 20. Bd4 Kf7 21. Nh2 Bg5 22. 0-0-0 h5 23. Rdg1 Rg8 24. Nf1 Bh4 25. Rxg8 Kxg8 26. Nd2 Nf6 27. Rg1+ Kf7 28. Ne4 Rg8 29. Rxg8 Nxg8 30. Bf1 Nf6 31. Nc3 Kg6 32. Kd2 Ne8 33. Ne2 Kg5 34. b3 Bg3 35. Nxg3 fxg3 36. Ke3 Kh4 37. f4 Bxh3 38. Bd3 c6 39. Kf3 Bg4+ 40. Kg2 Bd1 41. Bg6 cxd5 42. Bxe8 Kg4 43. Bxh5+ Kxh5 44. Kxg3 dxc4 45. bxc4 Be2 46. c5 dxc5 47. Bxc5 a4 48. a3 b5 49. Be7 Kg6 50. Kf2 Bc4 51. Ke3 Kf5 1/2-1/2

[Event "Tatry op"]
[Site "Tatranske Zruby"]
[Date "2010.10.08"]
[Round "8"]
[White "Hrnciar, Roman"]
[Black "Hovan, Jozef"]
[Result "1-0"]
[WhiteElo "2095"]
[BlackElo "1902"]
[PlyCount "59"]
[EventDate "2010.10.02"]
[EventType "swiss"]
[EventRounds "9"]
[EventCountry "SVK"]
[SourceTitle "CBM 138 Extra"]
[Source "ChessBase"]
[SourceDate "2010.10.29"]
[SourceVersion "1"]
[SourceVersionDate "2010.10.29"]
[SourceQuality "1"]

1. f4 d5 2. e3 g6 3. Nf3 Bg7 4. d4 Nf6 5. Bd3 Nbd7 6. Nbd2 c5 7. c3 b6 8. Ne5 c4 9. Bc2 Nxe5 10. fxe5 Bg4 11. Nf3 Nd7 12. e4 Be6 13. Ng5 0-0 14. Nxe6 fxe6 15. Qg4 Rf7 16. Qxe6 Nf8 17. Qxd5 Qc8 18. Rf1 e6 19. Qd6 Rd7 20. Rxf8+ Bxf8 21. Qxe6+ Rf7 22. Qxc8 Rxc8 23. Be3 Bg7 24. Ba4 Rcf8 25. Ke2 a6 26. e6 Rc7 27. Bd7 Bf6 28. e5 Be7 29. Bh6 Rf5 30. g4 1-0